Statistics for Dead By Daylight Characters

Click here to take the quiz!

General Stats

  • This quiz has been taken 111 times
    (102 since last reset)
  • The average score is 48 of 62

Answer Stats

Answer% Correct
Jeffrey Hawk
95%
The Ghost Face
94%
Sally Smithson
91%
Anna
90%
Evan MacMillian
90%
Charlotte & Victor Deshayes
89%
Frank/Julie/Susie/Joey
89%
Herman Carter
89%
Kazan Yamaoka
87%
Meg Thomas
87%
The Demogorgon
87%
The Executioner
87%
William "Bill" Overbeck
87%
Dwight Fairfield
86%
Jake Park
86%
Steve Harrington
86%
The Nightmare
86%
Adiris
85%
David King
85%
Nancy Wheeler
85%
Nemesis T-Type
85%
Rin Yamaoka
85%
Claudette Morel
84%
Leon Scott Kennedy
84%
Lisa Sherwood
84%
Max Thompson Jr
84%
Philip Ojomo
84%
Ace Visconti
82%
Ada Wong
82%
Feng Min
82%
Caleb Quinn
80%
Nea Karlsson
80%
Ashley J. Williams
78%
Detective David Tapp
78%
Carmina Mora
77%
Ji-Wook Hak
77%
Talbot Grimes
77%
The Cannibal
77%
Yui Kimura
77%
Kate Denson
76%
The Shape
76%
The Mastermind
73%
Adam Francis
72%
Jill Valentine
72%
Laurie Strode
72%
The Dredge
72%
Jeffrey "Jeff" Johansen
70%
Cheryl Mason
68%
Felix Richter
68%
Jane Romero
68%
Quentin Smith
68%
The Pig
68%
Rebecca Chambers
67%
Yun-Jin Lee
67%
Élodie Rakoto
66%
Mikaela Reid
63%
Zarina Kassir
61%
Haddie Kaur
58%
Yoichi Asakawa
53%
Jonah Vasquez
52%
The Onryō
49%
The Cenobite
19%

Score Distribution

Percentile by Number Answered

Percent of People with Each Score

Your Score History

You have not taken this quiz since the last reset